<?xml version="1.0" encoding="UTF-8"?>
<record
    xmlns:xsi="http://www.w3.org/2001/XMLSchema-instance"
    xsi:schemaLocation="http://www.loc.gov/MARC21/slim http://www.loc.gov/standards/marcxml/schema/MARC21slim.xsd"
    xmlns="http://www.loc.gov/MARC21/slim">

  <leader>02123    a2200253   4500</leader>
  <controlfield tag="001">53098</controlfield>
  <controlfield tag="005">20260407155804.0</controlfield>
  <controlfield tag="008">260407a1986    arg                 spa d</controlfield>
  <controlfield tag="003">AR-UNSa-BCEJYS</controlfield>
  <datafield tag="040" ind1=" " ind2=" ">
    <subfield code="a">AR-UNSa-BCEJYS</subfield>
    <subfield code="b">spa</subfield>
    <subfield code="c">AR-UNSa-BCEJYS</subfield>
  </datafield>
  <datafield tag="080" ind1=" " ind2=" ">
    <subfield code="a">330.101</subfield>
    <subfield code="x">Ciencia econ&#xF3;mica en general. La econom&#xED;a y sus problemas. Objeto y m&#xE9;todos de la econom&#xED;a pol&#xED;tica </subfield>
  </datafield>
  <datafield tag="245" ind1="1" ind2="0">
    <subfield code="a">Econom&#xED;a pol&#xED;tica</subfield>
    <subfield code="p">un texto introductorio</subfield>
  </datafield>
  <datafield tag="020" ind1=" " ind2=" ">
    <subfield code="a">84-85855-39-6</subfield>
  </datafield>
  <datafield tag="264" ind1=" " ind2="1">
    <subfield code="a">Barcelona :</subfield>
    <subfield code="b">Antoni Bosch</subfield>
    <subfield code="c">1986</subfield>
  </datafield>
  <datafield tag="300" ind1=" " ind2=" ">
    <subfield code="a">xiv, 689 p.</subfield>
    <subfield code="c">22 cm.</subfield>
  </datafield>
  <datafield tag="505" ind1=" " ind2=" ">
    <subfield code="a">1. Las reglas del juego - 2. la elecci&#xF3;n racional y la ganancia individual - 3. El equilibrio econ&#xF3;mico y la teor&#xED;a de la oferta y la demanda - 4. Las ganancias derivadas de la cooperaci&#xF3;n - 5. Obst&#xE1;culos a una operaci&#xF3;n eficiente - 6. Ideas de justicia - 7. Ganancias derivadas del intercambio multilateral:la ley, la organizaci&#xF3;n y los mercados - 8. Problemas de la elecci&#xF3;n p&#xFA;blica - 9. Justificaci&#xF3;n de las acciones colectivas : principios constitucionales propuestos - 10. El modelo de competencia pura - 11. Interferencias del Estado en el mercado:objeciones cl&#xE1;sicas - 12. El poder de monopolio - 13. Impuestos y gasto p&#xFA;blico:la visi&#xF3;n cl&#xE1;sica - 14. Contra el mercado:cr&#xED;ticas y contrasistemas de Marx y "La nueva izquierda" - 15. Los mercados de productos y la empresa:calidad del producto y fijaci&#xF3;n de precios - 16. Los mercados de trabajo y la empresa:"salarios incentivantes" y paro - 17. Mercados de capitales :finanzas , dinero y banca  - 18. La crisis de la doctrina cl&#xE1;sica del equilibrio - 19. La posibilidad de un desequilibrio monetario: la teor&#xED;a general del empleo de Keynes - 20. Desde Keynes y para siempre:intervenci&#xF3;n del Estado o confianza en el "mercado" - 21. La inflaci&#xF3;n:sus causas, efectos, formas, de reducci&#xF3;n y control</subfield>
  </datafield>
  <datafield tag="041" ind1=" " ind2=" ">
    <subfield code="a">spa</subfield>
  </datafield>
  <datafield tag="942" ind1=" " ind2=" ">
    <subfield code="c">BK</subfield>
  </datafield>
  <datafield tag="590" ind1=" " ind2=" ">
    <subfield code="a">niveau_biblio:m niveau_hierar:0</subfield>
  </datafield>
  <datafield tag="100" ind1="1" ind2=" ">
    <subfield code="a">Phelps, Edmund S.</subfield>
  </datafield>
  <datafield tag="700" ind1="1" ind2=" ">
    <subfield code="a">Caminal, Ram&#xF3;n</subfield>
  </datafield>
  <datafield tag="700" ind1="1" ind2=" ">
    <subfield code="a">Espinosa, Gentzane</subfield>
  </datafield>
  <datafield tag="856" ind1="4" ind2="1">
    <subfield code="u">https://biblioeco.unsa.edu.ar/pmb/images/libros/L128452.jpg</subfield>
    <subfield code="y">Imagen de portada</subfield>
    <subfield code="q">image/jpeg</subfield>
  </datafield>
  <datafield tag="999" ind1=" " ind2=" ">
    <subfield code="c">5082</subfield>
    <subfield code="d">5082</subfield>
  </datafield>
  <datafield tag="952" ind1=" " ind2=" ">
    <subfield code="0">0</subfield>
    <subfield code="1">0</subfield>
    <subfield code="4">0</subfield>
    <subfield code="7">0</subfield>
    <subfield code="a">BCEJYS</subfield>
    <subfield code="b">BCEJYS</subfield>
    <subfield code="c">16</subfield>
    <subfield code="d">2026-04-07</subfield>
    <subfield code="l">0</subfield>
    <subfield code="o">330.101 P538</subfield>
    <subfield code="p">L128452</subfield>
    <subfield code="r">2026-04-07 15:58:04</subfield>
    <subfield code="w">2026-04-07</subfield>
    <subfield code="y">L</subfield>
  </datafield>
</record>
